Landen met een ambassade in België - Statistieken

Algemene statistieken
  • Deze quiz is 44 keer genomen
  • De gemiddelde score is 115 van 183
Antwoorden op de kaart
Antwoorden kleurgecodeerd door een groen-rode schaal op de quizkaart volgens % correct hieronder.
 
Antwoordstatistieken
Ambassade in België % Correct
Nederland
91%
Verenigde Staten
89%
Brazilië
86%
Canada
86%
China
86%
Duitsland
86%
Frankrijk
86%
Italië
86%
Polen
86%
Rusland
86%
Chili
83%
Mexico
83%
Noorwegen
83%
Spanje
83%
Argentinië
80%
Ierland
80%
IJsland
80%
India
80%
Oekraïne
80%
Portugal
80%
Verenigd Koninkrijk
80%
Australië
77%
Bolivia
77%
Iran
77%
Japan
77%
Letland
77%
Slowakije
77%
Tsjechië
77%
Turkije
77%
Zwitserland
77%
Denemarken
74%
Estland
74%
Finland
74%
Griekenland
74%
Hongarije
74%
Madagaskar
74%
Malta
74%
Nieuw-Zeeland
74%
Oostenrijk
74%
Peru
74%
Roemenië
74%
Suriname
74%
Wit-Rusland
74%
Zuid-Afrika
74%
Congo-Brazzaville
71%
Congo-Kinshasa
71%
Indonesië
71%
Irak
71%
Kroatië
71%
Litouwen
71%
Luxemburg
71%
Mongolië
71%
Servië
71%
Slovenië
71%
Algerije
69%
Bosnië en Herzegovina
69%
Bulgarije
69%
Colombia
69%
Egypte
69%
Israël
69%
Marokko
69%
Oman
69%
Pakistan
69%
Panama
69%
Paraguay
69%
Thailand
69%
Tunesië
69%
Vietnam
69%
Afghanistan
66%
Albanië
66%
Cuba
66%
Ecuador
66%
Ethiopië
66%
Jemen
66%
Kazachstan
66%
Kosovo
66%
Libië
66%
Maleisië
66%
Moldavië
66%
Nepal
66%
Niger
66%
Noord-Macedonië
66%
Verenigde Arabische Emiraten
66%
Angola
63%
Ghana
63%
Guyana
63%
Laos
63%
Mozambique
63%
Myanmar
63%
Oezbekistan
63%
Saoedi-Arabië
63%
Senegal
63%
Somalië
63%
Uruguay
63%
Venezuela
63%
Zuid-Korea
63%
Bangladesh
60%
Bhutan
60%
Burkina Faso
60%
Costa Rica
60%
Georgië
60%
Jordanië
60%
Kenia
60%
Libanon
60%
Mali
60%
Montenegro
60%
Namibië
60%
Qatar
60%
Soedan
60%
Tanzania
60%
Tsjaad
60%
Andorra
57%
Armenië
57%
Belize
57%
Botswana
57%
Guatemala
57%
Honduras
57%
Kirgizië
57%
Liberia
57%
Malawi
57%
Nigeria
57%
Papoea-Nieuw-Guinea
57%
Sri Lanka
57%
Tadzjikistan
57%
Turkmenistan
57%
Azerbeidzjan
54%
Cambodja
54%
Centraal-Afrikaanse Republiek
54%
Dominicaanse Republiek
54%
Eritrea
54%
Gambia
54%
Guinee
54%
Haïti
54%
Ivoorkust
54%
Mauritanië
54%
Monaco
54%
Rwanda
54%
San Marino
54%
Togo
54%
Zimbabwe
54%
Bahama's
51%
Bahrein
51%
Benin
51%
Burundi
51%
Comoren
51%
Djibouti
51%
Eswatini
51%
Gabon
51%
Kameroen
51%
Koeweit
51%
Lesotho
51%
Nicaragua
51%
Oeganda
51%
Palau
51%
Zambia
51%
Zuid-Soedan
51%
Jamaica
49%
Kaapverdië
49%
Liechtenstein
49%
Maldiven
49%
Mauritius
49%
Sierra Leone
49%
Vaticaanstad
49%
Dominica
46%
El Salvador
46%
Fiji
46%
Guinee-Bissau
46%
Sao Tomé en Principe
46%
Trinidad en Tobago
46%
Antigua en Barbuda
43%
Barbados
43%
Grenada
43%
Saint Kitts en Nevis
43%
Samoa
43%
Seychellen
43%
Tuvalu
43%
Saint Lucia
40%
Saint Vincent en de Grenadines
40%
Singapore
40%
Brunei
37%
Salomonseilanden
37%
Vanuatu
31%
Geen overeenkomende quizzen gevonden
Scoreverdeling
Procent van Mensen met Elke Score
Percentiel versus Aantal Correcte Antwoorden
Uw Scoregeschiedenis
U heeft deze quiz nog niet genomen